Bleeding Love - Leona Lewis - All Lyrics - Statistics

General Stats
  • This quiz has been taken 108 times
  • The average score is 325 of 391
Answer Stats
Answer % Correct
Hey
100%
I
100%
(I
100%
love,
100%
love
100%
love)
100%
Mmh,
100%
mmh
100%
Oh,
100%
(Oh,
100%
ooh
100%
Ooh,
100%
yeah
100%
yeah,
100%
in
99%
the
99%
you
97%
You
97%
and
96%
And
96%
know
96%
on
96%
it
94%
I'm
93%
keep
93%
Keep,
93%
keep,
93%
Keep
93%
keep)
93%
be
91%
bleedin'
91%
bleedin’
91%
don't
91%
from
91%
But
90%
but
90%
me
90%
say,
90%
they
90%
They
90%
to
90%
what
90%
with
90%
care
89%
truth
89%
try
89%
your
89%
all
87%
away,
87%
of
87%
Time
87%
time
87%
was
87%
for
86%
hear,
86%
heart
86%
bleeding
84%
My
84%
my
84%
pain
84%
that
84%
pull
83%
you're
83%
cut
81%
so
80%
Once
79%
open
79%
open,
79%
or
79%
twice
77%
first
76%
need
76%
by
74%
didn't
74%
off
74%
before
73%
vain
71%
very
71%
Closed
70%
enough
70%
heart's
70%
going
69%
frozen,
67%
crazy
66%
see
66%
somethin'
66%
is
64%
not
63%
starts
63%
closin'
61%
fallin',
61%
happened
61%
this
61%
hard
60%
everyone
59%
it's
59%
crippled
57%
I’ll
57%
around
56%
pass,
56%
'round
56%
face
54%
ground,
51%
loud
50%
talk
50%
vein
50%
believe
49%
thinkin'
49%
thinks
49%
Tryin'
49%
find
46%
found
46%
true
44%
doubt
43%
fill
43%
Their
43%
their
43%
embrace
41%
everyone's
41%
goal
41%
ears,
40%
these
40%
lookin'
39%
world
39%
wearin'
37%
Yet
36%
comes
34%
melted
34%
than
34%
scars
33%
sounds
33%
Though
31%
piercin'
30%
Maybe,
29%
maybe
29%
greater
24%
drainin'
23%
loneliness,
21%
rush
17%
nothin's
10%
No matching quizzes found
Score Distribution
Percent of People with Each Score
Percentile by Number Answered
Your Score History
You have not taken this quiz